000 00273nam a22001217a 4500
008 170713b xxu||||| |||| 00| 0 eng d
041 _aeng
080 _a101
100 _a24
101 _aFIL
245 _aPERCEPTION, THEORY AND COMMITMENT
_cBROWN, H.I
942 _2udc
_cBK
999 _c20503
_d20503